000 01116cam a22003377a 4500
003 CHAP
005 20220329143026.0
008 050906d2004 mx r 00110 spa d
010 _a90857
011 _a91829
020 _a9682321751
035 _a102392
040 _cCHAP
082 0 4 _a973
_bZ55Y
100 0 0 _aZinn, Howard.
_9124075
245 1 0 _aLa otra historia de Estados Unidos :
_b(desde 1492 hasta hoy)
_c/por Howard Zinn
260 _aMéxico, D. F. :
_bSiglo XXI,
_c1999.
300 _a519 p.
490 0 _aHistoria
590 _aBATCH-UPD
_b10
_c20130110
_lUCH01
_h0407
590 _aBATCH-UPD
_b10
_c20130110
_lUCH01
_h1934
590 _aCONVERSION
_b10
_c20130109
_lUCH01
_h1350
650 0 4 _aE.U.A.
_xHistoria.
_934843
830 0 _aHistoria
_955599
901 _aBK
905 _aLilia
942 _cLIBRO
949 _a973 Z55Y
_bBC
_cLIBRO
_d33724000960597
_eLIBRO
_gI.c/e
_h106798
_i102392
_si
_t$200.00
949 _a973 Z55Y
_bBC
_cLIBRO
_d33724000960654
_eLIBRO
_fc.3
_gI.c/e
_h106800
_i102392
_sb
_t$200.00
949 _a973 Z55Y
_bBC
_cLIBRO
_d33724000960662
_eLIBRO
_fc.2
_gI.c/e
_h106799
_i102392
_si
_t$200.00
999 _c90857
_d90857